| 000 | 00538nam a2200217 a 4500 | ||
|---|---|---|---|
| 999 |
_c6041 _d6041 |
||
| 001 | 6041 | ||
| 003 | BD-JhCC | ||
| 005 | 20180101124108.0 | ||
| 008 | 180101s1964 enka|||| ||a| 000 0 eng d | ||
| 035 | _a(BD-JhCC)6041 | ||
| 040 |
_aBD-JhCC _dBD-JhCC |
||
| 041 | _aeng | ||
| 082 |
_a823.914 _bHIB 1964 |
||
| 100 | _aHibbert, Christopher | ||
| 245 |
_aAgincourt / _cChristopher Hibbert |
||
| 260 |
_aLondon : _bPan Books Ltd, _c1964. |
||
| 300 |
_a189 p. : _c18 cm. |
||
| 650 |
_aFrance _xAgincourt |
||
| 942 |
_2ddc _cBK |
||